|
|
|
|
| LEADER |
00000nab a2200000 a 4500 |
| 001 |
vtls000207658 |
| 003 |
SK-MaSNL |
| 005 |
20260302203349.0 |
| 008 |
111130c1985 xo 0 slo |
| 015 |
|
|
|a SNBRB19rr/mm-uuuuu
|
| 035 |
|
|
|a CL0217771
|
| 040 |
|
|
|a SNKBUCL
|b slo
|c SNKBUCL
|e AACR2
|
| 041 |
0 |
|
|a slo
|
| 044 |
|
|
|a xo
|c SK
|
| 080 |
|
|
|a 885.4-7
|2 1981
|
| 245 |
0 |
0 |
|a Odporúčanie
|b Fejtón ; M.S., M.S.
|
| 650 |
0 |
7 |
|a fejtóny humoristické
|2 snkbucl
|9 900451
|
| 655 |
|
7 |
|a články z novín a časopisov
|2 snkbucl
|9 267496
|
| 655 |
|
7 |
|a články z odboru literárna veda a krásna literatúra
|2 snkbucl
|9 770045
|
| 700 |
1 |
|
|a M.S.
|4 aut
|9 627454
|
| 700 |
1 |
|
|a M.S.
|4 gup
|9 627454
|
| 773 |
0 |
|
|t Smer
|g Roč. 37, č. 39 (15. 2. 1985), s. /16/
|
| 850 |
|
|
|a Slovenská národná knižnica v Martine
|a MTA001
|
| 852 |
|
|
|a SNK
|b KIS3GCP
|
| 958 |
|
|
|a RK
|
| 958 |
|
|
|a LX
|
| 992 |
|
|
|a RBX
|
| 999 |
|
|
|c 1468921
|d 1470851
|